[Event "23rd Hampstead: U2200"]
[Site "London, England"]
[Date "2014.11.29"]
[Round "2"]
[White "Haridas, Girinath"]
[Black "Bisereko Pafura Godfrey"]
[Result "1-0"]
[WhiteElo "1815"]
[BlackElo "2109"]

1. d4 Nf6 2. c4 g6 3. Nc3 Bg7 4. e4 d6 5. Nge2 c6 6. Ng3 Nbd7 7. Be2 e5 8. Be3
O-O 9. O-O Re8 10. d5 cxd5 11. cxd5 a6 12. a4 b6 13. Rc1 Rf8 14. Na2 Nc5 15.
Qc2 Bd7 16. Nc3 Qe8 17. b4 Nxa4 18. Nxa4 Bxa4 19. Qc7 Bb5 20. Bxb5 Qxb5 21.
Qxb6 Ng4 22. Qxb5 axb5 23. Bb6 Rfc8 24. f3 Rxc1 25. Rxc1 Bh6 26. Re1 Nf6 27.
Kf2 Bd2 28. Rb1 Ra2 29. Ne2 Nd7 30. Bc7 f5 31. Bxd6 Kf7 32. Bc5 fxe4 33. fxe4
Nf6 34. Rb3 Nxe4+ 35. Kf3 Ng5+ 36. Kg4 h5+ 37. Kh4 Ne4 38. Rf3+ Kg7 39. Ng3
Nf6 40. Be3 Bxb4 41. Bh6+ Kxh6 42. Rxf6 Be7 43. Nf5+ Kh7 44. Nxe7 Rxg2 45. d6
Rxh2+ 46. Kg3 Rd2 47. Rf7+ Kh6 48. d7 Rd3+ 49. Kf2 b4 50. Nc6 Rc3 51. d8=Q
Rxc6 52. Qd2+ g5 53. Qd8 {#r} 1-0

[Event "23rd Hampstead: U2200"]
[Site "London, England"]
[Date "2014.11.29"]
[Round "2"]
[White "Finnegan, Oliver"]
[Black "Peiris, T G M."]
[Result "0-1"]
[WhiteElo "1760"]
[BlackElo "2096"]

1. d4 d5 2. c4 c6 3. Nf3 Nf6 4. Nc3 a6 5. cxd5 cxd5 6. e3 Nc6 7. Bd3 Bg4 8.
Qb3 Na5 9. Qa4+ Bd7 10. Qd1 e6 11. O-O Be7 12. Ne5 Rc8 13. Bd2 Nc4 14. Bxc4
dxc4 15. a4 O-O 16. Qf3 Bc6 17. Nxc6 Rxc6 18. Rfb1 Rb6 19. a5 Rb3 20. Na2 Nd5
21. Nc1 Rb5 22. Ne2 Qc7 23. Ng3 Rd8 24. h3 Rd7 25. Qg4 f5 26. Qh5 Nf6 27. Qe2
Bd6 28. Nf1 Qc8 29. Bc3 Bb8 30. Rc1 Rc7 31. Rc2 Rc6 32. Rac1 Ne4 33. Be1 Nd6
34. Bc3 Bc7 35. Ra1 Qd8 36. Qe1 Ne4 37. Qe2 Qd5 38. Qh5 g6 39. Qe2 Nxc3 40.
bxc3 Rxa5 41. Rxa5 Bxa5 42. Rb2 b5 43. Qc2 Bc7 44. Qb1 e5 45. Qa2 exd4 46.
exd4 Re6 47. Re2 Kf7 48. Rxe6 Qxe6 49. d5 Qxd5 50. Qxa6 f4 51. Qa7 Qd6 52. Qb7
Qb6 53. Qd5+ Ke7 54. Qe4+ Qe6 55. Qb7 Qe5 56. Nh2 Qe1+ 57. Nf1 Kd6 58. Qxb5
Qxc3 59. Qa6+ Kc5 60. Qc8 Qe5 61. Qf8+ Kb5 62. Qa3 c3 63. Qb3+ Kc5 64. Qa3+
Kc6 65. Qa6+ Bb6 66. Qc4+ Kb7 67. Qf7+ Ka6 68. Qa2+ Ba5 69. Qe2+ Kb6 70. Qc2
Qb5 71. Qa2 Qb2 72. Qe6+ Kb5 73. Qd5+ Ka4 74. Qc4+ Ka3 75. Qd3 Qb3 76. Qd6+
Bb4 77. Qa6+ Kb2 78. Qf6 Kb1 79. Qxf4 c2 80. Qe4 Kb2 81. Qe5+ Qc3 82. Qe2 Qe1
83. Qf3 c1=Q 84. Qf6+ Kb1 85. Qa6 Qcd2 86. Qb6 Qde2 {#R} 0-1

[Event "23rd Hampstead: U2200"]
[Site "London, England"]
[Date "2014.11.29"]
[Round "2"]
[White "Taylor, Adam C"]
[Black "Anbukumar, Hajane"]
[Result "1/2-1/2"]
[WhiteElo "2048"]
[BlackElo "1824"]

1. Nf3 f5 2. d3 g6 3. e4 d6 4. Nc3 Bg7 5. g3 Nf6 6. Nh4 fxe4 7. dxe4 e5 8. Bc4
Qe7 9. Bg5 Be6 10. Nd5 Bxd5 11. Bxd5 c6 12. Bb3 Na6 13. c3 Nc5 14. f3 a5 15.
O-O a4 16. Bc2 Ne6 17. Be3 b5 18. Qe1 O-O 19. f4 Ng4 20. f5 Nc7 21. h3 Nxe3
22. Qxe3 Bf6 23. Ng2 g5 24. Qe2 Qf7 25. Ne3 h5 26. Kh2 Kh7 27. Bd1 Kh6 28. Qd2
Rad8 29. h4 Kh7 30. hxg5 Bxg5 31. Qe2 Ne8 32. Ng2 Nf6 33. Rh1 Ng4+ 34. Kg1 Kg7
35. Qc2 Rh8 36. Bxg4 hxg4 37. Kf2 Rh3 38. Rxh3 gxh3 39. Ne3 Qa7 40. Qd3 d5 41.
Kf3 dxe4+ 42. Qxe4 Qxe3+ 43. Qxe3 Bxe3 44. Kxe3 h2 45. Rh1 Rh8 46. Kf3 Kf6
{#d} 1/2-1/2

[Event "23rd Hampstead: U2200"]
[Site "London, England"]
[Date "2014.11.29"]
[Round "2"]
[White "Norman, Nigel"]
[Black "Kovacs, Zoltan"]
[Result "0-1"]
[WhiteElo "1735"]
[BlackElo "2032"]

1. Nf3 Nf6 2. g3 g6 3. Bg2 Bg7 4. d3 d6 5. O-O O-O 6. c4 e5 7. Nc3 h6 8. Rb1
a5 9. a3 Re8 10. Qc2 Bf5 11. Nh4 Bc8 12. b4 axb4 13. axb4 Nc6 14. e3 g5 15.
Nf3 Bf5 16. e4 Bg4 17. Be3 Bxf3 18. Bxf3 Nd4 19. Bxd4 exd4 20. Ne2 Nd7 21. Bg4
Ne5 22. Bf5 g4 23. Nxd4 Ra3 24. f4 gxf3 25. Nxf3 Nxd3 26. Rb3 Rxb3 27. Qxb3
Ne5 28. Nxe5 Bxe5 29. Qe3 Kg7 30. Qf3 Qf6 31. h4 Rg8 32. Qa3 Kh8 {#R} 0-1

[Event "23rd Hampstead: U2200"]
[Site "London, England"]
[Date "2014.11.29"]
[Round "2"]
[White "Prior, Stephen CV"]
[Black "Brozel, Sacha"]
[Result "1-0"]
[WhiteElo "2018"]
[BlackElo "1799"]

1. e4 c5 2. Nf3 e6 3. d4 cxd4 4. Nxd4 Nc6 5. Nc3 Qc7 6. g3 a6 7. Bg2 Nf6 8.
O-O Be7 9. Re1 d6 10. Nxc6 bxc6 11. e5 dxe5 12. Rxe5 O-O 13. Re1 Rd8 14. Qf3
Nd5 15. Ne4 Bb7 16. Ng5 Bf8 17. c4 Nf6 18. Be3 Rab8 19. c5 Qa5 20. a3 Bxc5 21.
b4 Bxb4 22. axb4 Qxb4 23. Rab1 Qe7 24. Bf4 Rbc8 25. Qb3 Rd7 26. Rb2 Nd5 27.
Bc1 h6 28. Nf3 c5 29. Ne5 Rdc7 30. Qc4 a5 31. Bh3 Qd6 32. Nxf7 Kxf7 33. Bxe6+
Kf8 34. Rxb7 Rxb7 35. Bxd5 Rb4 36. Qd3 Qf6 37. Qh7 {#r} 1-0

[Event "23rd Hampstead: U2200"]
[Site "London, England"]
[Date "2014.11.29"]
[Round "2"]
[White "Gaudeau, Valentin"]
[Black "Jain, Gautam"]
[Result "1-0"]
[WhiteElo "1986"]
[BlackElo "1755"]

1. d4 g6 2. Bf4 Nf6 3. Nf3 Bg7 4. e3 d6 5. Be2 O-O 6. O-O Nh5 7. Bg5 h6 8. Bh4
g5 9. Nfd2 gxh4 10. Bxh5 e5 11. c3 Qg5 12. f4 exf4 13. Rxf4 d5 14. Qf3 Be6 15.
c4 dxc4 16. Nc3 c6 17. Nde4 Qe7 18. Nf6+ Kh8 19. Rf1 Nd7 20. Nxd7 Qxd7 21.
Rxh4 Rae8 22. Qf4 Qe7 23. Rf3 Qg5 24. Ne4 Qxf4 25. Rfxf4 Bd5 26. Kf2 Re7 27.
Nd6 Be6 28. Bg4 f5 29. Bxf5 Bxf5 30. Nxf5 Ref7 31. g4 Kh7 32. Kf3 Kg6 33. Rh5
b5 34. Nxg7 Rxf4+ 35. exf4 Kxg7 36. Rc5 Rf6 37. f5 Rd6 38. Ke4 Kf6 39. h4 a5
40. a4 Ke7 41. Ke5 Rd5+ 42. Rxd5 cxd5 43. Kxd5 c3 44. bxc3 bxa4 45. Kc6 {#r}
1-0

[Event "23rd Hampstead: U2200"]
[Site "London, England"]
[Date "2014.11.29"]
[Round "2"]
[White "Davies, Cledwyn"]
[Black "Briggs, John Nicholas"]
[Result "0-1"]
[WhiteElo "1727"]
[BlackElo "1979"]

1. e4 c6 2. d4 d5 3. exd5 cxd5 4. c4 Nf6 5. Nc3 e6 6. Nf3 Be7 7. Bf4 O-O 8.
Bd3 Nc6 9. a3 dxc4 10. Bxc4 a6 11. O-O b5 12. Nxb5 axb5 13. Bxb5 Bb7 14. Rc1
Qd5 15. Bc4 Qf5 16. Be3 Rad8 17. b4 Nxd4 18. Nxd4 Qg6 19. g3 Qe4 20. Qf3 Qxf3
21. Nxf3 Bxf3 22. Ba6 Nd5 23. Bc5 Bxc5 24. Rxc5 Ra8 25. b5 Rfb8 26. Rfc1 g6
27. a4 Kg7 28. Rc8 Rxc8 29. Rxc8 Rxc8 30. Bxc8 Nb6 31. Ba6 Nxa4 32. Kf1 Kf6
33. Ke1 Ke5 34. Kd2 Kd4 35. b6 Nxb6 36. Bf1 e5 37. h3 f5 38. h4 h6 39. Bb5
Nc4+ 40. Ke1 Nd6 41. Bf1 Kc3 42. Bh3 Be4 43. Bf1 Bd3 44. Bh3 g5 45. hxg5 hxg5
46. f3 f4 47. gxf4 exf4 48. Bg4 Nf7 49. Bh3 Ne5 50. Kf2 Kd2 51. Bg2 Bb5 52.
Bh3 Bc6 53. Bg2 Nd3+ 54. Kf1 Ke3 55. Bh3 Bxf3 56. Bc8 g4 57. Ba6 g3 58. Kg1
Be4 59. Bc8 f3 60. Bh3 f2+ 61. Kf1 Nf4 {#R} 0-1

[Event "23rd Hampstead: U2200"]
[Site "London, England"]
[Date "2014.11.29"]
[Round "2"]
[White "Hayward, Alan"]
[Black "Verma, Aditya"]
[Result "1-0"]
[WhiteElo "1966"]
[BlackElo "1611"]

1. d4 Nf6 2. Nc3 d5 3. Bg5 e6 4. e4 Be7 5. e5 Nfd7 6. h4 c5 7. Nb5 Qa5+ 8. c3
a6 9. Bxe7 Kxe7 10. Nd6 cxd4 11. Qxd4 Nc6 12. Qg4 Ndxe5 13. Nxc8+ Raxc8 14.
Qg5+ Kd7 15. f4 Nd4 16. Rd1 Nec6 17. Qxg7 Ke7 18. Qg5+ Kd7 19. Qf6 Rcf8 20.
Rxd4 Nxd4 21. Qxd4 Qxa2 22. Qb4 Qb1+ 23. Kf2 Rb8 24. Nf3 f6 25. Bb5+ axb5 26.
Rxb1 Kc6 27. Nd4+ Kc7 28. Qe7+ {#r} 1-0

[Event "23rd Hampstead: U2200"]
[Site "London, England"]
[Date "2014.11.29"]
[Round "2"]
[White "Barasi, Paul DI"]
[Black "Shah, Tej"]
[Result "1-0"]
[WhiteElo "1836"]
[BlackElo "1555"]

1. d4 Nf6 2. Bg5 g6 3. Bxf6 exf6 4. e3 Bg7 5. c4 O-O 6. Nc3 f5 7. Nge2 Re8 8.
g3 Nc6 9. Bg2 b6 10. O-O Bb7 11. b4 d6 12. a4 Qc8 13. Qb3 Nd8 14. d5 c6 15.
Rac1 cxd5 16. Nxd5 Ne6 17. Nec3 Qc6 18. Nf6+ Bxf6 19. Bxc6 Bxc6 20. Nd5 Bg7
21. Rfd1 Rad8 22. Qc2 Ng5 23. h4 Nf3+ 24. Kg2 Ne5 25. Rd2 Rc8 26. Qb3 Ng4 27.
Rcd1 Bb7 28. Re1 Ne5 29. Rc1 Ba6 30. b5 Bb7 31. Rdd1 Rc5 32. Kf1 Nf3 33. Qd3
Nh2+ 34. Ke2 Ng4 {remaining moves illegible - white appears to have delivered
mate on move 66} {#r} 1-0

[Event "23rd Hampstead: U2200"]
[Site "London, England"]
[Date "2014.11.29"]
[Round "2"]
[White "Woltery, Nicolai"]
[Black "Covey, Jason"]
[Result "1-0"]
[WhiteElo "1738"]
[BlackElo "1538"]

1. d4 e6 2. c4 f5 3. Nc3 Nf6 4. Nf3 b6 5. g3 Bb7 6. Bg2 Bb4 7. a3 Bxc3+ 8.
bxc3 O-O 9. O-O d6 10. Ng5 Bxg2 11. Kxg2 Qe8 12. Qb3 h6 13. Nh3 Nc6 14. Rd1 e5
15. c5+ Kh8 16. cxd6 cxd6 17. Qb5 Na5 18. Qxe8 Raxe8 19. e3 Ne4 20. a4 Nxc3
21. Rd3 Ne4 22. f3 Nf6 23. Ba3 Nc4 24. dxe5 Rxe5 25. Rc1 Nxa3 26. Rxa3 Nd5 27.
Kf2 Rfe8 28. Re1 g5 29. Rd3 R8e6 30. f4 Nb4 31. Rd2 Ra5 32. fxg5 Rxa4 33. Nf4
Re4 34. gxh6 Ra2 35. Rxa2 Nxa2 36. Rd1 b5 37. Rxd6 b4 38. Rd7 Rxf4+ 39. exf4
b3 40. Rxa7 b2 41. Rb7 Nc1 42. Ke3 Na2 43. Rxb2 Nc3 44. Kd4 Ne4 45. Ke5 Kh7
46. Rb6 Nc5 47. Kxf5 Nd3 48. Kg5 Nf2 49. Rb7+ Kh8 50. Kg6 Ng4 51. Rb8# 1-0

[Event "23rd Hampstead: U2200"]
[Site "London, England"]
[Date "2014.11.29"]
[Round "2"]
[White "Seman, Myroslav"]
[Black "Anilkumar, Anantha P"]
[Result "0-1"]
[WhiteElo "1471"]
[BlackElo "1727"]

1. d4 Nf6 2. c4 g6 3. Nc3 Bg7 4. e3 d5 5. Nf3 O-O 6. Bd3 c5 7. dxc5 Qa5 8. Bd2
dxc4 9. Bxc4 Qxc5 10. Be2 Nc6 11. O-O Rd8 12. Qa4 Bg4 13. Rfd1 a6 14. Rac1 b5
15. Qf4 Qb4 16. Qxb4 Nxb4 17. Be1 Nbd5 18. h3 Be6 19. Nd4 Nxc3 20. Bxc3 Bd5
21. f3 Bh6 22. Kf2 Bb7 23. Bb4 Bxe3+ 24. Kxe3 Nd5+ 25. Kf2 Nxb4 26. Rc7 e5 27.
a3 exd4 28. Rxb7 Nc6 29. f4 Rd6 30. Bf3 Rad8 31. b4 Nb8 32. Rc1 d3 33. Rcc7
Rf6 34. Ke3 d2 35. Bd1 g5 36. fxg5 Rf1 37. Ke2 Re1+ 38. Kf2 Rxd1 39. Rxf7 Rf1+
40. Kxf1 d1=Q+ 41. Kf2 Qd4+ 42. Kg3 Qe5+ 43. Kh4 Qe1+ 44. Kh5 Qe8 45. Kh6 Qxf7
46. Rxf7 Kxf7 47. Kxh7 Rg8 48. h4 Rg6 49. g3 Nd7 50. Kh8 Nf8 51. g4 Rg8# 0-1

[Event "23rd Hampstead: U2200"]
[Site "London, England"]
[Date "2014.11.29"]
[Round "2"]
[White "Nayak, Raghav"]
[Black "Winter, Malcolm J"]
[Result "1-0"]
[WhiteElo "1697"]
[BlackElo "1538"]

1. e4 e6 2. d4 d5 3. Nd2 dxe4 4. Nxe4 Nd7 5. Nf3 Ngf6 6. Nxf6+ Nxf6 7. Bc4 c5
8. O-O Be7 9. Qe2 O-O 10. Rd1 Qc7 11. Bg5 Bd7 12. Ne5 Nd5 13. Bxe7 Nxe7 14.
Nxd7 Qxd7 15. dxc5 Qc7 16. b4 a5 17. c3 b6 18. cxb6 Qxb6 19. a3 Rfd8 20. Rxd8+
Rxd8 21. Rd1 g6 22. g3 Nf5 23. Rxd8+ Qxd8 24. Qd3 Qc7 25. Bb3 h5 26. c4 axb4
27. axb4 Qb7 28. b5 Qb6 29. Ba2 Nd4 30. Bb1 Qc5 31. Qe4 Qxc4 32. b6 Qd5 33.
Qxd5 exd5 34. b7 Nc6 35. Ba2 Kf8 36. Bxd5 Nb8 37. Kg2 Ke7 38. Kf3 g5 39. Ke4
f6 40. h4 Nd7 41. Kf5 gxh4 42. gxh4 Kd6 43. Bf3 Kc7 44. Bxh5 Kxb7 45. Be8 Ne5
46. h5 Kc7 47. h6 Kd8 48. h7 Kxe8 49. h8=Q+ {#r} 1-0

[Event "23rd Hampstead: U2200"]
[Site "London, England"]
[Date "2014.11.29"]
[Round "2"]
[White "Misyura, Ilya"]
[Black "Sanitt, Leo"]
[Result "1-0"]
[WhiteElo "1644"]
[BlackElo "1520"]

1. d4 d5 2. c4 c6 3. Nc3 Nf6 4. e3 e6 5. Nf3 Bd6 6. Bd3 dxc4 7. Bxc4 Nbd7 8.
O-O O-O 9. e4 Bb4 10. Qe2 c5 11. d5 Nb6 12. dxe6 Bxe6 13. Bxe6 fxe6 14. Bd2 e5
15. Rfd1 Qe7 16. a3 Ba5 17. Rac1 Nbd7 18. Nb5 Bxd2 19. Rxd2 b6 20. Rcd1 Rfd8
21. Qc4+ Qf7 22. Qxf7+ Kxf7 23. Nxe5+ Ke6 24. Nxd7 Rxd7 25. Rxd7 Nxd7 26. Nc7+
{#r} 1-0

[Event "23rd Hampstead: U2200"]
[Site "London, England"]
[Date "2014.11.29"]
[Round "2"]
[White "Mospan, Edward"]
[Black "Oliveri, Claudio"]
[Result "0-1"]
[WhiteElo "1259"]
[BlackElo "1708"]

1. f4 c5 2. e3 g6 3. Nf3 Bg7 4. Be2 Nc6 5. d3 d6 6. Bd2 Bxb2 7. Nc3 Bxa1 8.
Qxa1 Nf6 9. O-O O-O 10. e4 Bg4 11. f5 Bxf3 12. Bxf3 Nd4 13. Bh6 Re8 14. Qb2
Qb6 15. Qc1 c4 16. Kh1 Nxf3 17. Rxf3 cxd3 18. Nd5 Qc6 19. Rxd3 Nxe4 20. Qg1
Qxc2 21. Re3 Nf2+ {#R} 0-1

[Event "23rd Hampstead: U2200"]
[Site "London, England"]
[Date "2014.11.29"]
[Round "2"]
[White "Pride, Stephen"]
[Black "Sanitt, Ethan"]
[Result "1-0"]
[WhiteElo "1708"]
[BlackElo "1582"]

1. e4 e5 2. Qh5 Nc6 3. Bc4 g6 4. Qf3 Qf6 5. c3 Bc5 6. b4 Bb6 7. a4 a6 8. Na3
d6 9. d3 h5 10. Be3 Bxe3 11. fxe3 Bg4 12. Qxf6 Nxf6 13. Nf3 Bxf3 14. gxf3 g5
15. Rf1 Rf8 16. Kd2 g4 17. f4 Nd7 18. b5 Na5 19. bxa6 Nxc4+ 20. Nxc4 Rxa6 21.
a5 Nc5 22. Kc2 f6 23. Rg1 Ke7 24. h3 Rg8 25. hxg4 hxg4 26. Rg3 b6 27. Rag1
bxa5 28. Rxg4 Rxg4 29. Rxg4 Ne6 30. Rg1 exf4 31. exf4 Nxf4 32. Ra1 a4 33. Ra3
Ne6 34. d4 Ng5 35. Kd3 Ra8 36. Ne3 c6 37. d5 c5 38. Nc4 Nf3 39. Nb6 Ne5+ 40.
Kc2 Ra6 41. Nxa4 Nc4 42. Ra1 Nb6 43. Kb3 Kf7 44. c4 Ke7 45. Ra2 Nxa4 46. Rxa4
Rxa4 47. Kxa4 Kd7 48. Kb5 Kc7 49. Ka6 Kd8 50. Kb6 Ke8 51. Kc6 f5 52. exf5 Ke7
53. Kc7 Kf6 54. Kxd6 Kxf5 55. Ke7 Ke5 56. d6 Kd4 57. d7 Kxc4 58. d8=Q Kb4 59.
Qb6+ {#r} 1-0

[Event "23rd Hampstead: U2200"]
[Site "London, England"]
[Date "2014.11.29"]
[Round "2"]
[White "Gladstone, Joel"]
[Black "Pepe, Salvatore"]
[Result "0-1"]
[WhiteElo "1575"]
[BlackElo "1688"]

1. f4 g6 2. Nf3 Bg7 3. e3 c5 4. Be2 Nc6 5. O-O d6 6. Qe1 Nf6 7. d3 a6 8. Nc3
O-O 9. Bd2 b5 10. e4 e6 11. Kh1 Nd4 12. Bd1 b4 13. Ne2 Nxe2 14. Bxe2 a5 15. e5
Nd5 16. h4 a4 17. h5 a3 18. hxg6 fxg6 19. Qg3 axb2 20. Rab1 Rxa2 21. Ng5 dxe5
22. Qh3 h6 23. Nxe6 Qe7 24. f5 Bxe6 25. fxe6 Rxf1+ 26. Bxf1 Ra1 27. Rxb2 Rxf1+
28. Kh2 Nf4 29. Bxf4 Rxf4 30. g3 Rf2+ 31. Kg1 Rf6 32. Ra2 Qxe6 33. Ra8+ Kh7
34. Qg2 Qg4 35. Ra7 Qf3 36. Qxf3 Rxf3 37. Kg2 Rf5 38. Rc7 Kg8 39. Rxc5 Bf8 40.
Rc7 Rf7 41. Rc8 Kg7 42. Rc6 Rb7 43. Re6 Rb5 44. Kf3 Kf7 45. Ra6 b3 46. cxb3
Rxb3 47. Ke4 Rb5 48. Rc6 Be7 49. Ra6 h5 50. Rc6 Ba3 51. Ra6 Bb2 52. Rc6 Rb4+
53. Rc4 Rxc4+ 54. dxc4 Ke6 55. c5 Ba3 56. c6 Bd6 {#R} 0-1

[Event "23rd Hampstead: U2200"]
[Site "London, England"]
[Date "2014.11.29"]
[Round "2"]
[White "Rubandhas, Samprabhu"]
[Black "Isaksen, Peter A"]
[Result "1-0"]
[WhiteElo "1682"]
[BlackElo "1540"]

1. d4 d5 2. Nf3 Nf6 3. e3 Nc6 4. b3 Bf5 5. Bb2 e6 6. Nh4 Bg4 7. Nf3 Bb4+ 8.
Nbd2 Ne4 9. Be2 Bxf3 10. Bxf3 Bxd2+ 11. Kf1 Bb4 12. Bxe4 dxe4 13. c3 Be7 14.
Qg4 Bf6 15. Qxe4 O-O 16. h4 Re8 17. g4 Bxh4 18. c4 Bf6 19. Ba3 a5 20. Qxh7#
1-0

[Event "23rd Hampstead: U2200"]
[Site "London, England"]
[Date "2014.11.29"]
[Round "2"]
[White "Goldsmith, Jennifer"]
[Black "Snook-Lumb, Chris"]
[Result "1-0"]
[WhiteElo "1480"]
[BlackElo "1682"]

1. d4 f5 2. Nf3 Nf6 3. Bf4 e6 4. Nbd2 d5 5. c4 Be7 6. Bg5 O-O 7. e3 b6 8. Bd3
Ba6 9. Qc2 Nc6 10. Qa4 Nb4 11. Be2 Bb7 12. a3 Bc6 13. Qb3 dxc4 14. Bxc4 Nbd5
15. O-O Qe8 16. Qc2 Bd6 17. Rfe1 Qh5 18. e4 fxe4 19. Nxe4 Ng4 20. Nxd6 Rxf3
21. h3 Qxg5 22. Ne4 Qg6 23. hxg4 Qxg4 24. Be2 Ne3 25. fxe3 Bxe4 26. Bxf3 Bxf3
27. Qf2 Rf8 28. Qd2 Rf6 29. Rf1 Rg6 30. Rf2 Qh5 31. Raf1 {#r} 1-0

[Event "23rd Hampstead: U2200"]
[Site "London, England"]
[Date "2014.11.29"]
[Round "2"]
[White "Wu, Haotian"]
[Black "Zhao, Haolin"]
[Result "1/2-1/2"]
[WhiteElo "1674"]
[BlackElo "1457"]

1. d4 Nf6 2. c4 e6 3. Nc3 Bb4 4. Qc2 Nc6 5. Nf3 O-O 6. e3 d6 7. Bd3 Qe7 8. O-O
e5 9. d5 Nb8 10. Ng5 h6 11. Nge4 Nxe4 12. Nxe4 f5 13. Ng3 g6 14. a3 Bc5 15. b4
Bb6 16. a4 a5 17. bxa5 Bxa5 18. f4 e4 19. Be2 Nd7 20. Bb2 Nc5 21. Qd1 b6 22.
Qd4 Kh7 23. Qd1 Bd7 24. Bd4 Bb4 25. Qb1 Na6 26. Qb3 Bc5 27. Bb2 Rfb8 28. Rfb1
Qh4 29. Qc3 Rg8 30. Kh1 Qe7 31. Kg1 {#d} 1/2-1/2

[Event "23rd Hampstead: U2200"]
[Site "London, England"]
[Date "2014.11.29"]
[Round "2"]
[White "Remus Eliot, Luke"]
[Black "Sit, Victoria"]
[Result "1/2-1/2"]
[WhiteElo "1423"]
[BlackElo "1632"]

1. e4 c5 2. Nc3 Nc6 3. f4 e6 4. Nf3 Nge7 5. a3 Ng6 6. f5 Nge5 7. Bb5 Nxf3+ 8.
Qxf3 Nd4 9. Qd3 a6 10. Bc4 b5 11. Ba2 Be7 12. Ne2 Nxe2 13. Qxe2 O-O 14. O-O
Bb7 15. d3 Bf6 16. e5 Bg5 17. Qg4 Bxc1 18. Raxc1 exf5 19. Rxf5 d5 20. Rg5 g6
21. Re1 c4 22. e6 Qe7 23. exf7+ Qxf7 24. Qe6 Rae8 25. Qxf7+ Kxf7 26. Rge5 Rxe5
27. Rxe5 Kf6 28. Re3 Rc8 29. dxc4 bxc4 30. Rf3+ Ke6 31. Re3+ Kd6 32. Rf3 Rc7
33. Rf6+ Ke5 34. Rf8 Re7 35. Kf2 Ke4 36. g3 Kd4 37. Rf4+ Kc5 38. Rf3 d4 39.
Rf4 Bd5 40. Rf6 a5 41. Rf8 d3 42. cxd3 cxd3 43. Rc8+ Kd4 44. Rd8 Re5 45. Rxd5+
Rxd5 46. Bxd5 Kxd5 47. Ke3 Kc4 48. Kd2 a4 49. Kd1 g5 50. g4 h6 51. Kc1 Kd4 52.
Kd2 Ke4 53. h3 Kd4 54. Kd1 Ke3 55. Ke1 d2+ 56. Kd1 Kf3 57. Kxd2 Kg3 58. Kc3
Kxh3 59. Kb4 Kxg4 60. Kxa4 h5 61. b4 h4 62. b5 h3 63. b6 h2 64. b7 h1=Q 65.
b8=Q Qd1+ 66. Ka5 Qd5+ 67. Qb5 Qd8+ 68. Ka4 Kh5 69. Qe2+ g4 70. Qe5+ Qg5 71.
Qh8+ Qh6 72. Qe5+ Qg5 73. Qh8+ Kg6 74. Qe8+ Kg7 75. Qd7+ Kh6 76. Qd6+ Qg6 {#d}
1/2-1/2

[Event "23rd Hampstead: U2200"]
[Site "London, England"]
[Date "2014.11.29"]
[Round "2"]
[White "Sartain, Patrick P"]
[Black "Desai, Nilomi"]
[Result "1-0"]
[WhiteElo "1622"]
[BlackElo "1405"]

1. e4 c6 2. f4 d5 3. e5 Bf5 4. Nf3 e6 5. Be2 Nd7 6. d4 c5 7. c3 Ne7 8. Nh4
Bxb1 9. Rxb1 Nc6 10. O-O Qxh4 11. dxc5 Bxc5+ 12. Kh1 O-O 13. b4 Bb6 14. a4
Rfd8 15. a5 Bc7 16. Rf3 b6 17. b5 Nxa5 18. Rh3 Qe7 19. Bd3 Nc5 20. Bxh7+ Kf8
21. Qh5 Ke8 22. f5 Ne4 23. Rf3 Nc4 24. fxe6 Qxe6 25. Rxf7 Qxf7 26. Bg6 Rd7 27.
e6 Nf2+ 28. Kg1 Nd6 29. Bxf7+ Rxf7 30. exf7+ Nxf7 31. Ba3 Ne4 32. Rf1 Nf6 33.
Re1+ Ne4 34. Qxd5 Nfd6 35. Qxa8+ {#r} 1-0

[Event "23rd Hampstead: U2200"]
[Site "London, England"]
[Date "2014.11.29"]
[Round "2"]
[White "Gaudeau, Alain"]
[Black "Gribben, Chris"]
[Result "1/2-1/2"]
[WhiteElo "1392"]
[BlackElo "1617"]

1. d4 d5 2. c4 dxc4 3. Nc3 Nf6 4. Nf3 e6 5. e4 Bb4 6. e5 Nd5 7. Qc2 Bxc3+ 8.
bxc3 b5 9. Ba3 c6 10. Be2 Qa5 11. Bb2 O-O 12. O-O h6 13. Rfc1 Nd7 14. Nd2 Qc7
15. Ne4 f6 16. Ba3 Rd8 17. Bd6 Qb7 18. Bh5 f5 19. Nd2 N7b6 20. Rab1 Bd7 21.
Bf3 Be8 22. Qd1 a6 23. Bh5 Bxh5 24. Qxh5 Qf7 25. Qf3 Qg6 26. Nf1 Qg5 27. Bc5
Qg4 28. Qg3 Qxg3 29. Nxg3 Na4 30. Ne2 g5 31. Bd6 Kf7 32. Rc2 Rdc8 33. Rf1 c5
34. Rd1 cxd4 35. Rxd4 Nc5 36. Ng3 Nb7 37. Nxf5 exf5 38. Rxd5 Rd8 39. Rcd2 Nxd6
40. exd6 Ke6 41. d7 Ra7 42. Rd6+ Ke7 43. Rxh6 Raxd7 44. Re2+ Kf7 45. g3 Rd1+
46. Kg2 R8d6 47. Rh8 R1d2 48. Ree8 Rd7 49. Rhf8+ Kg6 50. Re6+ Kg7 {#d} 1/2-1/2

[Event "23rd Hampstead: U2200"]
[Site "London, England"]
[Date "2014.11.29"]
[Round "2"]
[White "Samadov, Samir"]
[Black "Murugesh, Kishore"]
[Result "0-1"]
[WhiteElo "1600"]
[BlackElo "1360"]

1. e4 e5 2. f4 d5 3. Ne2 exf4 4. Nxf4 dxe4 5. Bc4 Qf6 6. O-O Qd4+ 7. Kh1 Qxc4
8. d3 exd3 9. cxd3 Qc6 10. Nc3 Nf6 11. Bd2 Be7 12. Qe2 Be6 13. Rac1 Qd7 14. d4
O-O 15. Rfe1 Re8 16. Nxe6 fxe6 17. Bf4 Bd6 18. Bxd6 cxd6 19. Qf3 Nc6 20. Rcd1
d5 21. Qg3 Rad8 22. Rf1 Qd6 23. Qg5 Rf8 24. Rfe1 Qe7 25. Qg3 Rde8 26. Re2 Qb4
27. Qh4 Rf7 28. Qh3 Qd6 29. a3 Nd8 30. Rde1 Ref8 31. g3 Re7 32. Re5 g6 33. Ne2
Nc6 34. Re3 e5 35. dxe5 Rxe5 36. Nf4 Rxe3 37. Rxe3 Qc5 38. Re1 Nd4 39. Qh6 Nf5
40. Qh3 Qf2 41. Re2 Qd4 42. Qf1 Re8 43. Ne6 Qb6 44. Ng5 Rxe2 45. Qxe2 Qe3 46.
Qxe3 Nxe3 47. Nf3 Kf7 48. Nd4 Nf5 49. Nb5 a6 50. Nc3 d4 51. Ne2 d3 52. Nc3 d2
53. b4 Ne3 54. Kg1 d1=Q+ 55. Nxd1 Nxd1 56. Kf1 Nb2 57. h4 Nc4 58. Kf2 Nxa3 59.
Kf3 Nc2 60. b5 axb5 61. g4 b4 62. g5 Nd5 63. h5 gxh5 64. g6+ hxg6 65. Ke2 b3
66. Kd3 h4 67. Kd2 h3 68. Kd1 h2 69. Ke2 h1=Q 70. Kd3 b2 71. Ke2 b1=Q 72. Kd3
Qbd1+ 73. Kc4 Qe4+ 74. Kb3 Qdd3+ 75. Kb2 Qee2 76. Kc1 Qdd2+ 77. Kb2 Nd4+ 78.
Ka3 Qa2# 0-1

[Event "23rd Hampstead: U2200"]
[Site "London, England"]
[Date "2014.11.29"]
[Round "3"]
[White "Kovacs, Zoltan"]
[Black "Jaunooby, Ali R"]
[Result "1-0"]
[WhiteElo "2032"]
[BlackElo "2175"]

1. e4 c5 2. Nc3 Nc6 3. f4 g6 4. Nf3 Bg7 5. Bb5 Nd4 6. O-O e6 7. d3 a6 8. Bc4
b5 9. Bb3 Bb7 10. Be3 Ne7 11. Bxd4 cxd4 12. Ne2 Nc6 13. Qe1 Qb6 14. Qf2 Qa7
15. Qh4 Ne7 16. a4 b4 17. Ng3 f5 18. exf5 gxf5 19. Nh5 Rg8 20. Rf2 Qc5 21.
Nxg7+ Rxg7 22. Qf6 Rg4 23. Qh8+ Rg8 24. Qxd4 Qxd4 25. Nxd4 Nd5 26. Bxd5 Bxd5
27. Re1 O-O-O 28. Re5 d6 29. Re3 Kd7 30. Rh3 Rg7 31. Re2 Rdg8 32. g3 Re7 33.
Kf2 Rg6 34. Re3 Rf7 35. Rh5 e5 36. Nf3 exf4 37. gxf4 Rg4 38. Ng5 Rxf4+ 39. Ke1
Rg7 40. Rxh7 Rxh7 41. Nxh7 Bc6 42. Nf8+ Kc8 43. Ng6 Rg4 44. Ne7+ Kd7 45. Nxc6
Kxc6 46. h3 Rg2 47. Re2 Rg3 48. Rh2 b3 49. cxb3 Rxd3 50. h4 Rxb3 51. h5 Rb7
52. h6 Rh7 53. Ke2 Kd5 54. Ke3 Ke5 55. b4 Kf6 56. Kf4 Rh8 57. h7 Kg7 58. Rg2+
Kf6 59. Rh2 Kg7 60. Kxf5 Rf8+ 61. Ke6 Kh8 62. Kxd6 Rf4 63. Kc5 a5 64. b5 Rxa4
65. Kb6 Rb4 66. Kxa5 Rb1 67. Ka6 Ra1+ 68. Kb7 Rb1 69. b6 Rc1 70. Kb8 Rb1 71.
b7 Rb3 72. Rc2 Rf3 73. Kc7 Rf7+ 74. Kb6 {#r} 1-0